Normal view
MARC view
- DIFFERENTIAL EQUATIONS.LAPLACE TRANSFORM METHOD.ELECTRON CONTROL DEVICES.DIGITAL SYSTEMS.ELECTROMECHANICAL ENERGY CONVERSION.FEEDBACK CONTROL SYSTEMS
Entry Topical Term
001 - CONTROL NUMBER
- control field: 57113
003 - CONTROL NUMBER IDENTIFIER
- control field: NUST
005 - DATE AND TIME OF LATEST TRANSACTION
- control field: 20210628201844.0
008 - FIXED-LENGTH DATA ELEMENTS
- fixed length control field: 210628|| aca||aabn | a|a d
040 ## - CATALOGING SOURCE
- Original cataloging agency: NUST
- Transcribing agency: NUST
150 ## - HEADING--TOPICAL TERM
- Topical term or geographic name entry element: DIFFERENTIAL EQUATIONS.LAPLACE TRANSFORM METHOD.ELECTRON CONTROL DEVICES.DIGITAL SYSTEMS.ELECTROMECHANICAL ENERGY CONVERSION.FEEDBACK CONTROL SYSTEMS
670 ## - SOURCE DATA FOUND
- Source citation: Work cat.: (NUST): Toro, Vincent Del 57112, Electrical engineering fundamentals, 2004NEW DELHI
